| 000 | 01773nam a2200217Ia 4500 | ||
|---|---|---|---|
| 003 | Ost | ||
| 005 | 20260507075552.0 | ||
| 008 | 260507s9999||||xx |||||||||||||| ||und|| | ||
| 020 | _a9774100174 | ||
| 040 | _cfsecg | ||
| 041 | _aara | ||
| 082 | _a658 | ||
| 100 |
_aعبد السلام، رمضان محمود، _eمؤلف |
||
| 245 | 0 |
_aبحوث التسويق : _bالمنهجية و التطبيق / _c رمضان محمود عبد السلام |
|
| 260 |
_aالمنصورة: _bالمكتبة العصرية للنشر و التوزيع, _c2006 |
||
| 300 |
_a495 صفحة؛ _bإيضاحات ؛ _c24 سم |
||
| 520 | _aبحوث التسويق و المنهج العلمي فيه و القيمة الاقتصادية للبحوث التسويقية و نظم المعلومات التسويقية و التنبؤ بالطلب و مجالات بحوث التسويق و تنظيم جهاز بحوث التسويق في المنظمة كما تم الطرق الى تحديد مشكلة البحث و صياغة الفروض و كذا نوع البحث التسويقي و نوع و مصادر البيانات و أساليب الحصول عليها و تحديد مجتمع و عينة البحث و تصميم البحوث التجريبية و تصميم قائمة الاستقصاء و أنواع المقاييس و قياس الاتجاهات و صدق و ثبات المقاييس و جمع البيانات و تفريغها و تبويبها و تحليل البيانات و اختبارات الفروض و الأساليب الاخصائية في البحوث التسويقية و أخيرا إعداد التقرير النهائي للبحث التسويقي. | ||
| 653 | _aالتسويق | ||
| 653 | _aالتسويق - بحوث | ||
| 942 | _cكتاب | ||
| 999 |
_c44930 _d44930 |
||